Advanced accountancy. V2. Rev Ed 9. (Record no. 107089)
[ view plain ]
| 000 -LEADER | |
|---|---|
| fixed length control field | 00614nam a2200229Ia 4500 |
| 003 - CONTROL NUMBER IDENTIFIER | |
| control field | OSt |
| 005 - DATE AND TIME OF LATEST TRANSACTION | |
| control field | 20220209120150.0 |
| 008 - FIXED-LENGTH DATA ELEMENTS--GENERAL INFORMATION | |
| fixed length control field | 210210b2004 xxu||||| |||| 00| 0 eng d |
| 020 ## - INTERNATIONAL STANDARD BOOK NUMBER | |
| International Standard Book Number | 81 259 1612 1 |
| 040 ## - CATALOGING SOURCE | |
| Original cataloging agency | AL |
| Transcribing agency | |
| 041 ## - LANGUAGE CODE | |
| Language code of text/sound track or separate title | Eng |
| 082 ## - DEWEY DECIMAL CLASSIFICATION NUMBER | |
| Classification number | 657.046 MAHA |
| 100 ## - MAIN ENTRY--PERSONAL NAME | |
| Personal name | MAHESHWARI (S N) and MASHESHWARI (S K). |
| 9 (RLIN) | 18409 |
| 245 ## - TITLE STATEMENT | |
| Title | Advanced accountancy. V2. Rev Ed 9. |
| 260 ## - PUBLICATION, DISTRIBUTION, ETC. | |
| Place of publication, distribution, etc. | New Delhi. |
| Name of publisher, distributor, etc. | Vikas Publishing House Pvt Ltd. |
| Date of publication, distribution, etc. | 2004 |
| 300 ## - PHYSICAL DESCRIPTION | |
| Extent | xvii,3.324 |
| 440 ## - SERIES STATEMENT/ADDED ENTRY--TITLE | |
| Title | 2 |
| 9 (RLIN) | 18410 |
| 650 ## - SUBJECT ADDED ENTRY--TOPICAL TERM | |
| Topical term or geographic name entry element | Advanced Accountancy |
| 9 (RLIN) | 18411 |
| 690 ## - LOCAL SUBJECT ADDED ENTRY--TOPICAL TERM (OCLC, RLIN) | |
| Topical term or geographic name as entry element | Accountancy |
| 9 (RLIN) | 18412 |
| 906 ## - LOCAL DATA ELEMENT F, LDF (RLIN) | |
| a | 059774 |
| 942 ## - ADDED ENTRY ELEMENTS (KOHA) | |
| Source of classification or shelving scheme | Dewey Decimal Classification |
| Koha item type | Book |
| Withdrawn status | Lost status | Source of classification or shelving scheme | Damaged status | Not for loan | Collection code | Home library | Current library | Date acquired | Cost, normal purchase price | Total Checkouts | Full call number | Barcode | Date last seen | Price effective from | Koha item type | Source of acquisition | Date last checked out |
|---|---|---|---|---|---|---|---|---|---|---|---|---|---|---|---|---|---|
| Dewey Decimal Classification | Commerce | St Aloysius Library | St Aloysius Library | 02/17/2021 | 150.00 | 657.046 MAHA | 048674 | 02/17/2021 | 02/17/2021 | Book | |||||||
| Dewey Decimal Classification | Commerce | St Aloysius Library | St Aloysius Library | 02/17/2021 | 150.00 | 657.046 MAHA | 050172 | 02/17/2021 | 02/17/2021 | Book | |||||||
| Dewey Decimal Classification | Commerce | St Aloysius Library | St Aloysius Library | 02/17/2021 | 150.00 | 657.046 MAHA | 050171 | 02/17/2021 | 02/17/2021 | Book | |||||||
| Dewey Decimal Classification | Commerce | St Aloysius Library | St Aloysius Library | 02/17/2021 | 150.00 | 657.046 MAHA | 050173 | 02/17/2021 | 02/17/2021 | Book | |||||||
| Dewey Decimal Classification | Commerce | St Aloysius Library | St Aloysius Library | 02/17/2021 | 150.00 | 657.046 MAHA | 050026 | 02/17/2021 | 02/17/2021 | Book | |||||||
| Dewey Decimal Classification | Commerce | St Aloysius Library | St Aloysius Library | 02/17/2021 | 150.00 | 657.046 MAHA | 050174 | 02/17/2021 | 02/17/2021 | Book | |||||||
| Dewey Decimal Classification | Commerce | St Aloysius Library | St Aloysius Library | 02/17/2021 | 195.00 | 657.046 MAHA | 051657 | 02/17/2021 | 02/17/2021 | Book | |||||||
| Dewey Decimal Classification | Commerce | St Aloysius Library | St Aloysius Library | 02/17/2021 | 195.00 | 657.046 MAHA | 051656 | 02/17/2021 | 02/17/2021 | Book | |||||||
| Dewey Decimal Classification | Commerce | St Aloysius Library | St Aloysius Library | 02/17/2021 | 295.00 | 657.046 MAHA | 058457 | 02/17/2021 | 02/17/2021 | Book | School Book Company, Mangalore. | ||||||
| Dewey Decimal Classification | Commerce | St Aloysius Library | St Aloysius Library | 02/17/2021 | 310.00 | 657.046 MAHA | 059774 | 02/17/2021 | 02/17/2021 | Book | Sita Book House, Mangalore. | ||||||
| Dewey Decimal Classification | Commerce | St Aloysius Library | St Aloysius Library | 02/17/2021 | 310.00 | 657.046 MAHA | 059775 | 02/17/2021 | 02/17/2021 | Book | Sita Book House, Mangalore. | ||||||
| Dewey Decimal Classification | Commerce | St Aloysius Library | St Aloysius Library | 02/17/2021 | 310.00 | 1 | 657.046 MAHA | 060395 | 10/26/2021 | 02/17/2021 | Book | Higginbothams (P) Ltd., Mangalore 01. | 09/13/2021 |